| 000 | 00534nam a2200181 a 4500 | ||
|---|---|---|---|
| 005 | 20210223130233.0 | ||
| 008 | 070822s2002 mx r 000 0 spa d | ||
| 020 | _a9700514196 | ||
| 035 | _aUPN01000151220 | ||
| 049 | _aCG | ||
| 050 | 4 |
_aDK254 L4 _bA4.4 |
|
| 100 | 1 |
_aAlponte, Juan María, _d1934- _932583 |
|
| 245 | 1 | 0 |
_aLenin : _bvida y verdad : esclarecimiento de una época / _cJuan María Alponte. |
| 260 |
_aMéxico : _bGrijalbo, _cc2002. |
||
| 300 | _a332 p. | ||
| 600 | 1 | 4 |
_aLENIN, VLADIMIR ILICH, _d1870-1924 |
| 905 | _aLibro | ||
| 999 |
_c123358 _d123358 |
||